000 00365 a2200145 4500
001 62985
040 _cAnchieta - Pituba
100 _aBrito Junior, Benício Fagundes de
240 1 0 _a2ª Avaliação de Matemática, I Unidade
_lpor
245 1 0 _a2ª Avaliação de Matemática, I Unidade
300 _a5
362 0 _a2017
650 4 _aMatemática
942 _cBK
999 _c62985
_d62985